| 000 | 00479nam a22001697a 4500 | ||
|---|---|---|---|
| 005 | 20251108175616.0 | ||
| 008 | 250721s2018 xx 000 0 ara d | ||
| 082 | 1 | 4 | _aق/شوق |
| 100 | 1 | _aشوقي، سامح | |
| 245 | 1 | 0 | _aأسفار الشياطين / |
| 264 |
_bعصير الكتب للنشر والتوزيع، _c2018. |
||
| 300 | _a142ص. | ||
| 650 | 1 | 7 | _aالادب العربي |
| 650 | 1 | 7 | _aالروايات العربية |
| 942 |
_2ddc _cBK |
||
| 999 |
_c138172 _d138172 |
||